Brevísima relación de la historia de la novela hispanomaericana

En esta Brevísima Relación se presenta la ordenación histórica de la novelística hispanoamericana desde el siglo XVI hasta nuestros días, mostrando de qué manera la novela ha cambiado bajo la determinación de la sensibilidad diferencial de preferencias propia de las generaciones hispanoamericanas, y...

Descripción completa

Detalles Bibliográficos
Autor principal: Goic, Cedomil 1928-
Formato: Libro
Lenguaje:español
Publicado: Madrid: Biblioteca Nueva, 2009.
Colección:Repertorio americano ; 1
Materias:
Acceso en línea:

MARC

LEADER 00000cam a2200000 a 4500
001 020800
003 UAHC_CL
005 20190902163046.0
008 110304s2009 sp 000 spa
952 |0 0  |1 0  |2 ddc  |4 0  |6 809_300000000000000_GOI  |7 0  |8 COMP  |9 41557  |a BS  |b BS  |c General  |d 2017-08-03  |l 0  |o 809.3 GOI  |p 1381536  |r 2025-11-26 00:00:00  |t c.1  |w 2017-08-03  |y BK 
952 |0 0  |1 0  |2 ddc  |4 0  |6 809_300000000000000_GOI  |7 0  |8 COMP  |9 92752  |a BC  |b BC  |c General  |d 2017-08-03  |l 2  |m 1  |o 809.3 GOI  |p 1471323  |r 2026-01-14 00:00:00  |s 2024-05-13  |t c.1  |w 2017-08-03  |y BK  |A 185  |B LENG 
999 |c 20800  |d 20800 
020 |a 9788497429559 
040 |a UAHC_CL  |c UAHC_CL  |d UAHC_CL 
082 0 4 |a 809.3  |b G615  |2 20 
100 |a Goic, Cedomil  |9 9191  |d 1928- 
245 1 0 |a Brevísima relación de la historia de la novela hispanomaericana  |c Cedomil Goic. 
260 |a Madrid:  |b Biblioteca Nueva,  |c 2009. 
300 |a 109 p. 
440 |9 9193  |a Repertorio americano  |v ; 1 
520 |a En esta Brevísima Relación se presenta la ordenación histórica de la novelística hispanoamericana desde el siglo XVI hasta nuestros días, mostrando de qué manera la novela ha cambiado bajo la determinación de la sensibilidad diferencial de preferencias propia de las generaciones hispanoamericanas, y el sistema de períodos y épocas que configuran los rasgos variables de la historia de la novela. Por primera vez se ofrece sumariamente, en un volumen manejable, el curso de las transformaciones de ese género en la América Hispánica, el relieve de sus obras y de sus figuras más destacadas. 
650 0 |a Novela hispanoamericana  |x Historia y crítica  |9 9192 
942 |c BK  |2 ddc